000 00963nam a2200277 a 4500
001 000023533
005 20200930022304.0
008 101209s1971 sp 000 0 spa d
040 _aDO-SdBNP
_bspa
_cBNPHU
041 1 7 _aspa
_hita
_2Código de idiomas MARC
082 _a181.4
_bV398q
100 1 _aVecchiotti, Icilio.
_948509
240 1 0 _aChe cosa e la filosofía indiana.
_lEspañol
240 1 0 _aespressionismo.
_lEspañol.
245 1 0 _aQué es verdaderamente la folosofía india /
_cI. Vecchiotti ; traducción Dolores Fonseca.
260 _aMadrid :
_bDoncel,
_c1971.
300 _a170 p. ;
_c18 cm.
490 1 _aQué es verdaderamente
_v10
534 _aTítulo original :
_tChe cosa e la filosofía indiana
505 0 _aIncluye índice de nombres.
504 _aBibliografía : [168]-170 p.
650 4 _aFilosofía hindú
_948510
700 1 _aFonseca, Dolores,
_etr.
_913575
830 0 _aQué es verdaderamente ;
_v10
_917012
049 _aBNGR
999 _c23029
_d23029